000
00283nam a22001097a 4500
082
_a
941 ISA'H
100
_a
ISAACSON, ELIZABETH
_9
57716
245
_a
THE HOUSE OF HISTORY THE FIRST STORY OF THE MIDDLE AGES
260
_a
NEWYORK
_b
THOMAS NELSON
_c
1932
300
_a
272P
942
_c
BK
999
_c
567986
_d
567986